Dreamers / (Record no. 219637)
[ view plain ]
| 000 -LEADER | |
|---|---|
| fixed length control field | 01106cam a2200325 a 4500 |
| 001 - CONTROL NUMBER | |
| control field | 2090145 |
| 003 - CONTROL NUMBER IDENTIFIER | |
| control field | Nust |
| 005 - DATE AND TIME OF LATEST TRANSACTION | |
| control field | 20170216095309.0 |
| 008 - FIXED-LENGTH DATA ELEMENTS--GENERAL INFORMATION | |
| fixed length control field | 951204s1996 nyu 000 1 eng |
| 010 ## - LIBRARY OF CONGRESS CONTROL NUMBER | |
| LC control number | 95052049 |
| 020 ## - INTERNATIONAL STANDARD BOOK NUMBER | |
| International Standard Book Number | 9788129109590 |
| 040 ## - CATALOGING SOURCE | |
| Original cataloging agency | DLC |
| Transcribing agency | DLC |
| Modifying agency | DLC |
| -- | OCoLC |
| 041 1# - LANGUAGE CODE | |
| Language code of text/sound track or separate title | eng |
| Language code of original | nor |
| 043 ## - GEOGRAPHIC AREA CODE | |
| Geographic area code | e-no--- |
| 050 00 - LIBRARY OF CONGRESS CALL NUMBER | |
| Classification number | PT8950.H3 |
| Item number | S913 1996 |
| 082 00 - DEWEY DECIMAL CLASSIFICATION NUMBER | |
| Classification number | 839.8236 |
| Author Mark | HAM |
| 100 1# - MAIN ENTRY--PERSONAL NAME | |
| Personal name | Hamsun, Knut, |
| Dates associated with a name | 1859-1952. |
| 240 10 - UNIFORM TITLE | |
| Uniform title | Sværmere. |
| Language of a work | English |
| 245 10 - TITLE STATEMENT | |
| Title | Dreamers / |
| Statement of responsibility, etc. | Knut Hamsun ; translated from the Norwegian by Tom Geddes. |
| 260 ## - PUBLICATION, DISTRIBUTION, ETC. | |
| Place of publication, distribution, etc. | New York : |
| Name of publisher, distributor, etc. | New Directions Pub. Corp., |
| Date of publication, distribution, etc. | 1996. |
| 300 ## - PHYSICAL DESCRIPTION | |
| Extent | 126 p. ; |
| Dimensions | 21 cm. |
| 490 0# - SERIES STATEMENT | |
| Series statement | New Directions paperbook ; |
| Volume/sequential designation | 821 |
| 490 1# - SERIES STATEMENT | |
| Series statement | A New Directions classic |
| 651 #0 - SUBJECT ADDED ENTRY--GEOGRAPHIC NAME | |
| Geographic name | Norway |
| General subdivision | Fiction. |
| 655 #7 - INDEX TERM--GENRE/FORM | |
| Genre/form data or focus term | Humorous stories. |
| Source of term | gsafd |
| 700 1# - ADDED ENTRY--PERSONAL NAME | |
| Personal name | Geddes, Tom. |
| 830 #0 - SERIES ADDED ENTRY--UNIFORM TITLE | |
| Uniform title | New Directions classics. |
| 906 ## - LOCAL DATA ELEMENT F, LDF (RLIN) | |
| a | 7 |
| b | cbc |
| c | orignew |
| d | 1 |
| e | ocip |
| f | 19 |
| g | y-gencatlg |
| 942 ## - ADDED ENTRY ELEMENTS (KOHA) | |
| Source of classification or shelving scheme | |
| Koha item type | Book |
| Withdrawn status | Lost status | Source of classification or shelving scheme | Damaged status | Not for loan | Collection code | Permanent Location | Current Location | Shelving location | Date acquired | Total Checkouts | Full call number | Barcode | Date last seen | Copy number | Price effective from | Koha item type |
|---|---|---|---|---|---|---|---|---|---|---|---|---|---|---|---|---|
| Central Library (CL) | Central Library (CL) | Fiction | 02/16/2017 | 839.8236 HAM | CL30 | 09/27/2023 | 1 | 02/16/2017 | Book |
